300-400 Digits of Pi - Statistics

General Stats
  • This quiz has been taken 2,341 times
    2,335 since last reset
  • The average score is 45 of 100
Answer Stats
% Correct
3
100%
7
83%
2
81%
4
77%
5
77%
8
74%
7
72%
0
71%
0
70%
6
70%
6
68%
0
67%
6
66%
3
64%
1
63%
5
63%
5
61%
8
61%
8
61%
1
60%
7
59%
4
56%
8
56%
8
55%
1
54%
5
54%
0
53%
2
53%
9
52%
0
51%
2
51%
6
50%
9
50%
2
49%
8
49%
2
48%
5
48%
9
48%
0
47%
2
47%
4
47%
9
46%
1
45%
1
45%
3
45%
4
45%
5
45%
6
45%
7
45%
3
44%
6
44%
7
42%
8
42%
9
41%
2
40%
5
40%
9
40%
0
39%
0
39%
3
39%
6
39%
0
38%
1
38%
1
37%
3
37%
3
37%
0
36%
0
36%
5
36%
3
35%
5
35%
4
34%
8
33%
8
32%
2
31%
0
30%
4
30%
6
30%
6
30%
1
29%
2
29%
3
29%
5
29%
1
28%
4
28%
4
28%
6
28%
8
28%
9
28%
0
27%
1
27%
1
27%
1
27%
1
27%
4
27%
5
27%
5
27%
6
27%
9
27%
9
27%
No matching quizzes found
Score Distribution
Percent of People with Each Score
Percentile by Number Answered
Your Score History
You have not taken this quiz since the last reset